00601cam a2200205 a 450000100100000000500170001000800410002702000150006804000300008308200250011310000310013824500540016925000110022326000320023430000210026649000290028765000220031665000260033883000310036400000787020200929154329.0820924s1990 sp 000 f spa d a8420480037 aDO-SdBNPbspacDLCdBNPHU a863.64bD568es, 19901 aDíez, Luis Mateo,d1942-14aLas estaciones provinciales /cLuis Mateo Díez. a5a ed. aMadrid :bAlfaguara,c1990. a265 p. ;c22 cm.1 aAlfaguara hispánicav7 4aNovela española 4aLiteratura española 0aAlfaragua hispánica ;v7